01251nam a22002417a 45000010005000000030006000050050017000110080041000280200018000690400029000870500020001160820010001361000027001462450042001732600048002153000037002634900040003005050007003405200602003475210018009495210018009676500024009859367FISKH20260313091238.0251212b cb ||||| |||| 00| 0 eng d a9780194644372 aFISKHbengcFISKHdFISKH aPE1126.A4 Q4565 a621.8 aQuinn, Robert eAuthor aMachines then and now /cRobert Quinn aNew York :bOxford University Press ,c2010 a48 pages :bphotographs ;c21 cm aOxford read and discover :vLevel 4 aR  aThis exciting new series of non-fiction readers provides interesting and educational content, with activities and project work. The readers are graded at four levels, from 3 to 6, suitable for students from age 8 and older. They can support Content and Language Integrated Learning (CLIL), and cover a broad range of topics, within three curriculum areas: The World of Science and Technology. The Natural World The World of Arts and Social Studies Also available for each reader: Activity Book Audio CD Pack (Reader and Audio CD)Teacher's Notes and CLIL guidance at www.oup.com/elt/readanddiscover8 a680 bLexile 8 aR bRaz-Plus  aDiscovervMachines